Faulkner (Record no. 10098)

MARC details
000 -LEADER
campo de control de longitud fija 00748nam a2200253 4500
001 - NÚMERO DE CONTROL
campo de control 10098
003 - IDENTIFICADOR DE NÚMERO DE CONTROL
campo de control ES-MaACL
005 - FECHA Y HORA DE LA ÚLTIMA TRANSACCIÓN
campo de control 20230906145822.0
008 - DATOS DE LONGITUD FIJA--INFORMACIÓN GENERAL
campo de control de longitud fija 950209s1994 sp aco ||||1|bspa d
020 ## - NÚMERO INTERNACIONAL ESTÁNDAR DEL LIBRO
Número Internacional Estándar del Libro 84-233-2410-9
080 ## - NÚMERO DE LA CLASIFICACIÓN DECIMAL UNIVERSAL
Número de la Clasificación Decimal Universal 929 Faulkner, William
100 1# - ENTRADA PRINCIPAL--NOMBRE DE PERSONA
Nombre de persona Blotner, Joseph.
9 (RLIN) 29570
245 10 - MENCIÓN DEL TÍTULO
Título Faulkner
Resto del título : una biografía /
Mención de responsabilidad, etc. Joseph Blotner.
250 ## - MENCION DE EDICION
Mención de edición 1ª ed.
260 ## - PUBLICACIÓN, DISTRIBUCIÓN, ETC.
Lugar de publicación, distribución, etc. Barcelona :
Nombre del editor, distribuidor, etc. Destino,
Fecha de publicación, distribución, etc. 1994.
300 ## - DESCRIPCIÓN FÍSICA
Extensión 2 v. :
Otras características físicas [48] p. de fot. ;
Dimensiones 21 cm.
490 1# - MENCIÓN DE SERIE
Mención de serie Letras/Destino ;
Designación de volumen o secuencia 18-19
500 ## - NOTA GENERAL
Nota general Índices.
600 14 - PUNTO DE ACCESO ADICIONAL DE MATERIA--NOMBRE DE PERSONA
Nombre de persona Faulkner, William-
Subdivisión general Biografías.
9 (RLIN) 48950
830 0# - PUNTO DE ACCESO ADICIONAL DE SERIE-TÍTULO UNIFORME
Título uniforme Letras/Destino ;
Designación de volumen o secuencia 18-19
9 (RLIN) 228096
852 ## - LOCALIZACIÓN
Ubicación ES-MaACL
Número de control de estantería L-17586-87
852 ## - LOCALIZACIÓN
Ubicación ES-MaACL
Número de control de estantería L-17787-88
Holdings
Estatus retirado Estado de pérdida Estado de daño No para préstamo Biblioteca de origen Biblioteca actual Ubicación en estantería Fecha de adquisición Fuente de adquisición Total de préstamos Signatura topográfica completa Código de barras Visto por última vez Precio de reemplazo Tipo de ítem Koha
        Biblioteca del Ateneo de Madrid Biblioteca del Ateneo de Madrid Depósito 2 17/01/2008     L-17787-88 1010307 23/02/2023 23/02/2023 Libro impreso
        Biblioteca del Ateneo de Madrid Biblioteca del Ateneo de Madrid Depósito 2 17/01/2008     L-17586-87 1010306 23/02/2023 23/02/2023 Libro impreso